[Event "Tournoi Skype 024B"]
[Site "Skype"]
[Date "????.??.??"]
[Round "4.1"]
[White "Singh, Suryapratap"]
[Black "Legueltel, Daniel"]
[Result "1-0"]
[WhiteElo "1177"]
[BlackElo "1544"]
[PlyCount "25"]

1. d4 Nf6 2. c4 e6 3. Nc3 d5 4. e3 Bd6 5. Nf3 O-O 6. Bd3 Nbd7 7. O-O c6 8. Qc2
dxc4 9. Bxc4 e5 10. dxe5 Nxe5 11. Nxe5 Bxe5 12. Rd1 Bxh2+ 13. Kxh2 1-0

[Event "Tournoi Skype 024B"]
[Site "Skype"]
[Date "????.??.??"]
[Round "4.2"]
[White "Mishra, Sourabh"]
[Black "Navghane, Rahul"]
[Result "1-0"]
[WhiteElo "1000"]
[BlackElo "1482"]
[PlyCount "31"]

1. e4 e5 2. Nf3 f5 3. exf5 Bc5 4. Be2 e4 5. Ng1 Qg5 6. g4 d5 7. d4 e3 8. Bxe3
Bb4+ 9. c3 Bxc3+ 10. Nxc3 Qh4 11. Nxd5 Kd8 12. Qc1 c6 13. Bg5+ Qxg5 14. Qxg5+
Nf6 15. Qxg7 Rg8 16. Qe7# 1-0

[Event "Tournoi Skype 024B"]
[Site "Skype"]
[Date "????.??.??"]
[Round "4.3"]
[White "Couto, Januario"]
[Black "Calderon, Francisco"]
[Result "0-1"]
[WhiteElo "1441"]
[BlackElo "1000"]
[PlyCount "46"]

1. e4 c5 2. Nc3 e6 3. f4 Nc6 4. g3 Nge7 5. Bg2 g6 6. Nge2 Bg7 7. O-O O-O 8. Kh1
a6 9. d3 b5 10. e5 d5 11. exd6 Qxd6 12. Ne4 Qc7 13. Nxc5 Rb8 14. Nb3 Rd8 15.
Qe1 a5 16. Nc3 Nb4 17. Qe2 Bxc3 18. a3 Bxb2 19. Bxb2 Qxc2 20. Qxc2 Nxc2 21.
Rac1 Ne3 22. Rf3 Nxg2 23. Kxg2 Bb7 0-1

[Event "Tournoi Skype 024B"]
[Site "Skype"]
[Date "????.??.??"]
[Round "4.4"]
[White "Luna Perez Vico, Lorenzo"]
[Black "Tiberio, Pedro"]
[Result "0-1"]
[WhiteElo "1395"]
[BlackElo "1000"]
[PlyCount "60"]

1. e4 e6 2. d4 d5 3. exd5 exd5 4. Nf3 Bg4 5. Be2 Nf6 6. O-O Bd6 7. Nbd2 O-O 8.
h3 Bh5 9. c4 c6 10. c5 Bf4 11. Re1 Nbd7 12. Nf1 Bc7 13. Be3 Re8 14. Qd2 Ne4 15.
Qd1 f5 16. N3d2 Bxe2 17. Rxe2 f4 18. Nxe4 dxe4 19. Bc1 Kh8 20. Nd2 Nf6 21. Re1
Qxd4 22. Qc2 Qd5 23. b4 f3 24. Bb2 Qg5 25. Nxf3 exf3 26. g3 Bxg3 27. fxg3 Qxg3+
28. Kh1 Rxe1+ 29. Rxe1 Qxe1+ 30. Kh2 f2 0-1

[Event "Tournoi Skype 024B"]
[Site "Skype"]
[Date "????.??.??"]
[Round "4.5"]
[White "Amato, Ludovica"]
[Black "Harmelle, Dominique"]
[Result "1-0"]
[WhiteElo "1289"]
[BlackElo "1551"]
[PlyCount "79"]

1. e4 c5 2. Nf3 e6 3. d4 cxd4 4. Nxd4 Nc6 5. Bf4 Nf6 6. Nc3 Bb4 7. Qd3 d6 8.
Bd2 Ne5 9. Qb5+ Nc6 10. Nxc6 bxc6 11. Qxb4 O-O 12. O-O-O a5 13. Qa3 Ng4 14. Be1
d5 15. h3 Ne5 16. exd5 exd5 17. f4 Nd7 18. Bf2 Qf6 19. g3 Bb7 20. Be2 Rfe8 21.
Rhe1 Qh6 22. Bg4 Nf6 23. Rxe8+ Rxe8 24. Bf3 Qxh3 25. Qxa5 Qd7 26. Na4 Ra8 27.
Qb4 Rb8 28. Nc5 Qc8 29. Nxb7 Rxb7 30. Qc3 Rc7 31. Bd4 Qb8 32. Be5 Ne8 33. Bxc7
Nxc7 34. Qxc6 Qd8 35. Re1 Ne8 36. Bg4 Kh8 37. Rd1 Nd6 38. Re1 Qa5 39. Re8+ Nxe8
40. Qxe8# 1-0

[Event "Tournoi Skype 024B"]
[Site "Skype"]
[Date "????.??.??"]
[Round "4.6"]
[White "Franca, Diego"]
[Black "Malbec, Robert"]
[Result "1-0"]
[WhiteElo "1359"]
[BlackElo "1451"]
[PlyCount "107"]

1. d4 d5 2. g3 Nf6 3. Bg2 c6 4. Nf3 e6 5. O-O Bd6 6. b3 O-O 7. Ba3 Bxa3 8. Nxa3
a6 9. c4 Qa5 10. Nc2 b5 11. b4 Qd8 12. cxd5 cxd5 13. a3 Bb7 14. Re1 Nbd7 15.
Rc1 Nb6 16. Ne3 Qd6 17. Nd2 a5 18. Qb3 axb4 19. Qxb4 Qd7 20. Rc5 Bc6 21. Rec1
Rfc8 22. Nf3 Ne4 23. Ne5 Qd6 24. Rxc6 Qxb4 25. Rxc8+ Rxc8 26. Rxc8+ Nxc8 27.
axb4 f6 28. Nd7 Nc3 29. Kf1 Ne7 30. Bh3 Kf7 31. Nc5 Nc6 32. Bxe6+ Ke7 33. Nf5+
Kf8 34. Nd7+ Ke8 35. Nxg7+ Ke7 36. Nb6 Nxd4 37. Nxd5+ Nxd5 38. Bxd5 Kd6 39. e4
Nc2 40. Ne8+ Ke7 41. Bc6 Nxb4 42. Bxb5 h6 43. h4 Nc2 44. g4 Nd4 45. Nc7 Kd6 46.
Ne8+ Ke7 47. Ba4 Nf3 48. h5 Nh2+ 49. Kg2 Nxg4 50. Kg3 Ne5 51. f4 Nd3 52. Ng7
Nxf4 53. Kxf4 Kf7 54. Nf5 1-0

[Event "Tournoi Skype 024B"]
[Site "Skype"]
[Date "????.??.??"]
[Round "4.7"]
[White "Cayo, Ana Carolina"]
[Black "Pezzolato, Erica"]
[Result "1/2-1/2"]
[WhiteElo "1424"]
[BlackElo "1000"]
[PlyCount "57"]

1. d4 Nf6 2. c4 g6 3. Nc3 Bg7 4. e4 d6 5. f3 O-O 6. Be3 e5 7. d5 a5 8. Qd2 Na6
9. O-O-O Bd7 10. Bh6 Nc5 11. h4 Nh5 12. Nge2 c6 13. Kb1 Re8 14. Bxg7 Nxg7 15.
g4 h5 16. Qh6 Qf6 17. Bg2 b5 18. dxc6 Bxc6 19. cxb5 Bb7 20. gxh5 Nxh5 21. Qd2
Red8 22. Nd5 Bxd5 23. Qxd5 Rab8 24. Qc6 Nf4 25. Nxf4 exf4 26. Bf1 Na4 27. Qc2
Nc5 28. Qg2 Kg7 29. Qd2 1/2-1/2

[Event "Tournoi Skype 024B"]
[Site "Skype"]
[Date "????.??.??"]
[Round "4.8"]
[White "Lucena Vaz, Jose"]
[Black "Martin, Jean-Claude"]
[Result "0-1"]
[WhiteElo "1000"]
[BlackElo "1471"]
[PlyCount "60"]

1. g3 d5 2. Bg2 c6 3. d3 Nf6 4. Nd2 e5 5. e4 dxe4 6. dxe4 Bg4 7. f3 Bh5 8. Qe2
Qb6 9. Nc4 Qc7 10. Bd2 Bc5 11. Bc3 Nbd7 12. Nh3 h6 13. Nf2 b5 14. Ba5 Bb6 15.
Nxb6 axb6 16. Bc3 O-O 17. Nd3 Rfe8 18. Bh3 Nxe4 19. Bxd7 Qxd7 20. g4 Nxc3 21.
bxc3 Bg6 22. Nf2 f6 23. Rd1 Qa7 24. Ra1 Bf7 25. Ne4 Bxa2 26. Nd2 Qa3 27. Nb3
Qb2 28. O-O Bxb3 29. Rab1 Qxc2 30. Qe3 c5 0-1

[Event "Tournoi Skype 024B"]
[Site "Skype"]
[Date "????.??.??"]
[Round "4.9"]
[White "Pouteau, Pascal"]
[Black "Scata, Laura"]
[Result "0-1"]
[WhiteElo "1470"]
[BlackElo "1304"]
[PlyCount "82"]

1. d4 d5 2. c4 c6 3. Nc3 Bf5 4. e3 Nf6 5. Bd3 Bxd3 6. Qxd3 e6 7. Nf3 Nbd7 8. a3
dxc4 9. Qxc4 Rc8 10. Bd2 Bd6 11. Qd3 c5 12. Nb5 Bb8 13. Rc1 a6 14. Nc3 cxd4 15.
exd4 O-O 16. O-O Nb6 17. Ne2 Nbd5 18. Rxc8 Qxc8 19. Rc1 Qd7 20. Qb3 Rd8 21. Ba5
Rc8 22. Qd1 Bc7 23. Qc2 b6 24. Ne5 Qe8 25. Bd2 Nd7 26. Nxd7 Bxh2+ 27. Kxh2 Rxc2
28. Rxc2 Qxd7 29. Ng3 f5 30. Ne2 Nf6 31. f3 Qd6+ 32. Bf4 Qd5 33. Rc8+ Kf7 34.
Rc7+ Kg6 35. Rc2 Qb3 36. Rd2 Nd5 37. Nc1 Qc4 38. Nd3 Nxf4 39. Nxf4+ Kg5 40.
Nh3+ Kf6 41. Kg1 Qc1+ 0-1

[Event "Tournoi Skype 024B"]
[Site "Skype"]
[Date "????.??.??"]
[Round "4.10"]
[White "Kruzeniski, Randy"]
[Black "Battaglia, Gabriele"]
[Result "1-0"]
[WhiteElo "1435"]
[BlackElo "1282"]
[PlyCount "75"]

1. Nf3 Nf6 2. d4 d5 3. e3 e6 4. Bd3 Be7 5. O-O O-O 6. c4 c6 7. Nc3 Nbd7 8. b3
Qc7 9. cxd5 cxd5 10. Nb5 Qb6 11. Bb2 Ne4 12. Rc1 Ndf6 13. Ne5 Bd8 14. f3 Nd6
15. Ba3 Nfe8 16. Bc5 Qa5 17. Nxd6 Nxd6 18. Bxd6 Re8 19. a4 f6 20. Bb5 Be7 21.
Bxe8 Bxd6 22. Nd3 Qd8 23. Bh5 f5 24. f4 g5 25. h3 a5 26. Rf3 g4 27. hxg4 fxg4
28. Bxg4 Qh4 29. Rh3 Qf6 30. Rg3 Kh8 31. Rc2 Bd7 32. Nc5 Bxc5 33. Rxc5 Bc6 34.
Qf3 Qe7 35. Rh3 Be8 36. Rh6 Bf7 37. Qh3 Bg6 38. Rxg6 1-0

[Event "Tournoi Skype 024B"]
[Site "Skype"]
[Date "????.??.??"]
[Round "4.11"]
[White "Silva, Givson"]
[Black "Milanese, Serge"]
[Result "1/2-1/2"]
[WhiteElo "1320"]
[BlackElo "1411"]
[PlyCount "133"]

1. e4 e5 2. Nf3 Nc6 3. Bc4 Bc5 4. b4 Bxb4 5. c3 Bc5 6. d4 exd4 7. cxd4 Nxd4 8.
Nxd4 Nf6 9. e5 Qe7 10. Nf3 Ne4 11. O-O Bb4 12. Qb3 O-O 13. a3 Bc5 14. Bd3 d6
15. Bxe4 dxe5 16. Bd2 b6 17. Nc3 Be6 18. Qd1 Rad8 19. Bxh7+ Kxh7 20. Ng5+ Kg8
21. Qh5 Bf5 22. Qe2 Bd3 23. Qh5 f6 24. Nce4 fxg5 25. Bxg5 Qe8 26. Qxe8 Rdxe8
27. Nxc5 Bxf1 28. Kxf1 bxc5 29. Rc1 Rf5 30. Be3 Rd8 31. Rxc5 Rd1+ 32. Ke2 Ra1
33. Rxc7 Ra2+ 34. Kd3 Rxa3+ 35. Ke4 g6 36. f3 Ra4+ 37. Kd3 a6 38. Bh6 Rf7 39.
Rc6 Kh7 40. Bg5 Rd7+ 41. Kc2 a5 42. Re6 Rd5 43. Bf6 Rc4+ 44. Kb3 Rdc5 45. Bxe5
a4+ 46. Ka3 Rb5 47. Re7+ Kh6 48. Bg7+ Kg5 49. Be5 Rb3+ 50. Ka2 Rc2+ 51. Ka1 a3
52. g3 a2 53. Bf4+ Kf5 54. Re1 Rb1+ 55. Rxb1 axb1=Q+ 56. Kxb1 Rxh2 57. Bc7 Rf2
58. Kc1 Rxf3 59. Kd2 g5 60. Ke2 Ke4 61. Bb8 Re3+ 62. Kf2 g4 63. Ba7 Rf3+ 64.
Kg2 Kd3 65. Bb6 Ke2 66. Ba7 Rb3 67. Bf2 1/2-1/2

[Event "Tournoi Skype 024B"]
[Site "Skype"]
[Date "????.??.??"]
[Round "4.12"]
[White "Duthoit, Bernard"]
[Black "Ruiz Gomez, Luz Alba"]
[Result "0-1"]
[WhiteElo "1410"]
[BlackElo "1218"]
[PlyCount "54"]

1. e4 e5 2. d4 exd4 3. c3 Bc5 4. cxd4 Bb4+ 5. Nc3 Nf6 6. Bd3 O-O 7. e5 Nd5 8.
Nge2 c6 9. O-O d6 10. f4 dxe5 11. fxe5 Bg4 12. Bd2 Nd7 13. Nxd5 Bxd2 14. Nf6+
Nxf6 15. exf6 Be3+ 16. Kh1 Bxd4 17. Qc2 g6 18. Nxd4 Qxd4 19. Rf2 Rad8 20. Rd2
Rfe8 21. Rf1 Re6 22. h3 Rxf6 23. Rxf6 Qxf6 24. hxg4 Re8 25. Qd1 Qh4+ 26. Kg1
Re1+ 27. Qxe1 Qxe1+ 0-1

[Event "Tournoi Skype 024B"]
[Site "Skype"]
[Date "????.??.??"]
[Round "4.13"]
[White "Erten, Ozlem"]
[Black "Carballo, Jorge"]
[Result "1-0"]
[WhiteElo "1302"]
[BlackElo "1398"]
[PlyCount "99"]

1. d4 d5 2. Bf4 Nf6 3. e3 e6 4. c3 Be7 5. h3 O-O 6. Nf3 Nc6 7. Bd3 Nd7 8. O-O
Bf6 9. Nbd2 e5 10. dxe5 Ndxe5 11. Nxe5 Nxe5 12. Nf3 Nxf3+ 13. Qxf3 c6 14. Bh2
Re8 15. Rfe1 Be5 16. Bxe5 Rxe5 17. Qd1 Bf5 18. Bxf5 Rxf5 19. Qd4 Qf6 20. e4
Qxd4 21. cxd4 dxe4 22. Rxe4 Rd5 23. Rae1 Kf8 24. R1e3 Rad8 25. Re7 R5d7 26.
Rxd7 Rxd7 27. Rb3 b6 28. Ra3 Rxd4 29. Rxa7 Rd1+ 30. Kh2 Rd2 31. b3 Rxf2 32. Ra6
g6 33. Rxb6 Rxa2 34. Rxc6 Ra8 35. Rb6 Ke8 36. Rb7 Rd8 37. b4 Rd7 38. Rxd7 Kxd7
39. Kg3 f5 40. Kf4 h6 41. Ke5 Ke7 42. b5 Kd7 43. Kf6 g5 44. Kxf5 Kc7 45. Kg6
Kb6 46. Kxh6 Kxb5 47. Kxg5 Kc5 48. g4 Kd5 49. h4 Ke6 50. Kg6 1-0

[Event "Tournoi Skype 024B"]
[Site "Skype"]
[Date "????.??.??"]
[Round "4.14"]
[White "Wahule, Satish"]
[Black "Hernandez, George"]
[Result "1-0"]
[WhiteElo "1272"]
[BlackElo "1378"]
[PlyCount "43"]

1. d4 d5 2. c4 e5 3. Nc3 Nf6 4. cxd5 Nxd5 5. dxe5 Bb4 6. Bd2 Bxc3 7. Bxc3 O-O
8. Qc2 Nc6 9. Rd1 Be6 10. a3 Qg5 11. Nf3 Qh5 12. Bd2 Nxe5 13. Nxe5 Qxe5 14. e4
Rad8 15. Be2 Nf6 16. f3 Rd6 17. O-O h5 18. Bc3 Qc5+ 19. Kh1 Rxd1 20. Rxd1 Nh7
21. Qd2 Ng5 22. Bb4 1-0

[Event "Tournoi Skype 024B"]
[Site "Skype"]
[Date "????.??.??"]
[Round "4.15"]
[White "Felippe E Silva, Glenda"]
[Black "Escudero Ocana, Francisco"]
[Result "0-1"]
[WhiteElo "1259"]
[BlackElo "1363"]
[PlyCount "54"]

1. d4 Nf6 2. Nf3 d5 3. Bf4 Bg4 4. Nbd2 e6 5. h3 Bxf3 6. Nxf3 c5 7. c3 Nc6 8. e3
cxd4 9. exd4 Bd6 10. Bxd6 Qxd6 11. Bd3 Rd8 12. O-O O-O 13. Re1 Rfe8 14. Ne5 g6
15. Bb5 a6 16. Bxc6 bxc6 17. Qa4 Ra8 18. Qxc6 Qxc6 19. Nxc6 Ne4 20. Re2 Kg7 21.
f3 Nd6 22. Rae1 Rac8 23. Ne5 f6 24. Ng4 f5 25. Rxe6 fxg4 26. hxg4 Kf7 27. Kf2
Rxe6 0-1

[Event "Tournoi Skype 024B"]
[Site "Skype"]
[Date "????.??.??"]
[Round "4.16"]
[White "Dhenain, Sebastien"]
[Black "Morelli, Daniel"]
[Result "0-1"]
[WhiteElo "1244"]
[BlackElo "1351"]
[PlyCount "34"]

1. e4 c5 2. c3 e6 3. e5 d5 4. d4 Nc6 5. Nf3 cxd4 6. cxd4 a6 7. Nc3 Bb4 8. Bd2
Bd7 9. Be2 f6 10. exf6 Nxf6 11. O-O O-O 12. Bg5 Rc8 13. Ne5 Qc7 14. Nxd7 Qxd7
15. Re1 Ne4 16. f3 Nxc3 17. Bd2 Nxd1 0-1

[Event "Tournoi Skype 024B"]
[Site "Skype"]
[Date "????.??.??"]
[Round "4.17"]
[White "De Nobrega, George"]
[Black "Borkar, Sagar"]
[Result "0-1"]
[WhiteElo "1346"]
[BlackElo "1000"]
[PlyCount "40"]

1. e4 h5 2. Nf3 d5 3. exd5 Qxd5 4. Nc3 Qe6+ 5. Qe2 Nc6 6. Qxe6 Bxe6 7. Nb5
O-O-O 8. Be2 a6 9. Nc3 Nh6 10. Ng5 Bg4 11. Bxg4+ hxg4 12. O-O Nd4 13. a4 e5 14.
b4 Bxb4 15. Ra2 Bxc3 16. dxc3 Ne2+ 17. Kh1 Nf5 18. Nxf7 Rdf8 19. Nxh8 Nfg3+ 20.
hxg3 Rxh8+ 0-1

[Event "Tournoi Skype 024B"]
[Site "Skype"]
[Date "????.??.??"]
[Round "4.18"]
[White "Khabou, Taha"]
[Black "Chavez, Isidro"]
[Result "1-0"]
[WhiteElo "1344"]
[BlackElo "1000"]
[PlyCount "83"]

1. d4 d5 2. c4 dxc4 3. e4 Nf6 4. Nc3 Nxe4 5. Nxe4 e6 6. Bxc4 Bb4+ 7. Nc3 O-O 8.
Nf3 Nd7 9. O-O Nb6 10. Bb3 h6 11. Bf4 c5 12. dxc5 Qf6 13. Bd6 Rd8 14. cxb6 Rxd6
15. Qc2 Rxb6 16. Ne4 Rc6 17. Nxf6+ gxf6 18. Qe4 Be7 19. Bc2 f5 20. Qd3 b6 21.
Ne5 Rd6 22. Qg3+ Bg5 23. h4 f6 24. Ng6 Rd2 25. Bxf5 exf5 26. hxg5 fxg5 27. Qb3+
Kh7 28. Nf8+ Kg7 29. Qc3+ Kxf8 30. Qxd2 Bb7 31. Rfe1 Kg7 32. Re7+ Kg6 33. Qd6+
Kh5 34. Rxb7 b5 35. Rh7 Rg8 36. Qxh6+ Kg4 37. Qh3+ Kf4 38. Qf3+ Ke5 39. Rd7 Rc8
40. Re1+ Kf6 41. Qh3 Rc5 42. Qh6# 1-0

[Event "Tournoi Skype 024B"]
[Site "Skype"]
[Date "????.??.??"]
[Round "4.19"]
[White "Vincent, Andre"]
[Black "Perez, Luis-Horacio"]
[Result "1-0"]
[WhiteElo "1330"]
[BlackElo "1000"]
[PlyCount "57"]

1. c4 g6 2. Nc3 Bg7 3. d4 d6 4. e4 Nc6 5. Be3 e6 6. Nf3 Nh6 7. h3 O-O 8. Qd2 f5
9. Bxh6 Bxh6 10. Qxh6 Rf6 11. Ng5 Qe7 12. Bd3 Nxd4 13. Rd1 d5 14. e5 Rf7 15.
Nxf7 Qxf7 16. O-O dxc4 17. Bxc4 Bd7 18. Rxd4 Bc6 19. Rfd1 Re8 20. a4 a6 21. b4
b5 22. axb5 axb5 23. Bxb5 Bxb5 24. Nxb5 c6 25. Nd6 Qe7 26. Nxe8 Qxe8 27. Rd8
Qxd8 28. Rxd8+ Kf7 29. Qxh7# 1-0

[Event "Tournoi Skype 024B"]
[Site "Skype"]
[Date "????.??.??"]
[Round "4.21"]
[White "Santos, Joselito"]
[Black "Bankhede, Shivkumar"]
[Result "0-1"]
[WhiteElo "1000"]
[BlackElo "1274"]
[PlyCount "90"]

1. e4 e5 2. Nf3 Bc5 3. g3 Nf6 4. d3 Ng4 5. Qe2 O-O 6. Be3 d6 7. Bxc5 dxc5 8. h3
Nf6 9. Nxe5 Qd4 10. c3 Qxe5 11. f4 Qh5 12. Qg2 Nc6 13. Be2 Qg6 14. Nd2 Re8 15.
O-O-O Nh5 16. Bxh5 Qxh5 17. g4 Qh4 18. Nf3 Qf6 19. Qg3 Ne7 20. f5 g6 21. g5 Qd6
22. e5 Nxf5 23. exd6 Nxg3 24. Rhe1 Bxh3 25. Rxe8+ Rxe8 26. Re1 Rxe1+ 27. Nxe1
cxd6 28. Nc2 Ne2+ 29. Kd2 Nf4 30. Ke3 Ne6 31. Na3 Nxg5 32. Nb5 d5 33. Nxa7 h5
34. Nb5 f5 35. d4 cxd4+ 36. Nxd4 h4 37. Kf4 Nf7 38. Nf3 g5+ 39. Nxg5 Nxg5 40.
Kxg5 Kg7 41. Kxh4 Bg2 42. Kg5 Be4 43. b4 b5 44. a3 Kf7 45. Kf4 Kf6 0-1

[Event "Tournoi Skype 024B"]
[Site "Skype"]
[Date "????.??.??"]
[Round "4.22"]
[White "Almiron, Patricia"]
[Black "Barrionuevo, Hilario"]
[Result "1-0"]
[WhiteElo "1304"]
[BlackElo "1000"]
[PlyCount "55"]

1. e4 e5 2. Nf3 Nc6 3. Bc4 h6 4. O-O Bc5 5. d4 Nxd4 6. Nxe5 Qe7 7. Bxf7+ Kd8 8.
Bxg8 Qxe5 9. Bc4 Bd6 10. f4 Qxe4 11. Nc3 Qf5 12. Qxd4 Bc5 13. Be3 Bxd4 14. Bxd4
g5 15. Bd3 Qf8 16. fxg5 Qe7 17. Bf6 Re8 18. Bxe7+ Rxe7 19. Rf8+ Re8 20. Rxe8+
Kxe8 21. Re1+ Kf8 22. gxh6 d6 23. h7 Kg7 24. Re7+ Kf8 25. Rxc7 Be6 26. h8=Q+
Bg8 27. Rxb7 Re8 28. Qg7# 1-0

[Event "Tournoi Skype 024B"]
[Site "Skype"]
[Date "????.??.??"]
[Round "4.23"]
[White "Hernandez Lopez, Joaquin"]
[Black "Sanchez Padilla, Armando Edilber"]
[Result "0-1"]
[WhiteElo "1270"]
[BlackElo "1271"]
[PlyCount "66"]

1. e4 e5 2. Nf3 Nc6 3. Bc4 Bc5 4. O-O Nf6 5. Re1 d6 6. Ng5 Bg4 7. Be2 Bxe2 8.
Rxe2 Ng4 9. Nf3 Nd4 10. Nxd4 Bxd4 11. c3 Qh4 12. h3 Bxf2+ 13. Rxf2 Nxf2 14. Qf3
Nxe4 15. d3 Qe1+ 16. Qf1 Qxf1+ 17. Kxf1 Ng3+ 18. Ke1 c5 19. Nd2 d5 20. Nf3 e4
21. dxe4 Nxe4 22. Ne5 O-O 23. Bf4 Rfe8 24. Kf1 f6 25. Nf3 g5 26. Bh2 h5 27. g4
h4 28. Bg1 Re6 29. Kg2 Rae8 30. Bf2 Nxf2 31. Kxf2 Re2+ 32. Kf1 R8e3 33. Ng1
Rxb2 0-1

[Event "Tournoi Skype 024B"]
[Site "Skype"]
[Date "????.??.??"]
[Round "4.25"]
[White "Rosenkoetter, David"]
[Black "Gerbaux, Regis"]
[Result "1-0"]
[WhiteElo "1000"]
[BlackElo "1331"]
[PlyCount "119"]

1. Nf3 Nc6 2. g3 e5 3. d3 h6 4. Bg2 Nf6 5. c3 d5 6. Qc2 Bf5 7. Nbd2 e4 8. dxe4
dxe4 9. Nh4 Bh7 10. O-O e3 11. Ne4 exf2+ 12. Rxf2 Ng4 13. Rf4 Qd7 14. Bh3 Nce5
15. Be3 g5 16. Bxg4 Nxg4 17. Rxg4 O-O-O 18. Nf6 Bxc2 19. Nxd7 Rxd7 20. Rc1 Rd1+
21. Rxd1 Bxd1 22. Nf5 Bxe2 23. Ra4 a6 24. Ba7 b6 25. Re4 Bc5+ 26. Kg2 Bd3 27.
Ne7+ Kb7 28. Re5 Kxa7 29. Nd5 Kb7 30. b4 Bd6 31. Re3 Bc4 32. Nf6 Rd8 33. a3 Bf8
34. Kh3 Bg7 35. Ne8 Bf8 36. Nf6 Bf1+ 37. Kg4 Rd6 38. Nh7 Bg7 39. Re7 f5+ 40.
Kxf5 Bd3+ 41. Kg4 Bxh7 42. Rxg7 Bc2 43. Kh5 Rd2 44. Kxh6 Rxh2+ 45. Kxg5 Bd1 46.
g4 Rh3 47. Rd7 Rxc3 48. Rxd1 Rxa3 49. Rb1 Ra4 50. Kf5 a5 51. b5 Rb4 52. Ra1 Kc8
53. g5 Rxb5+ 54. Kf6 Kd8 55. Re1 Rd5 56. g6 Rd6+ 57. Re6 a4 58. Rxd6+ cxd6 59.
g7 a3 60. g8=Q+ 1-0

[Event "Tournoi Skype 024B"]
[Site "Skype"]
[Date "????.??.??"]
[Round "4.26"]
[White "Farfallini, Michel"]
[Black "Teles, Jeferson Lisboa"]
[Result "0-1"]
[WhiteElo "1185"]
[BlackElo "1554"]
[PlyCount "50"]

1. e4 e5 2. Nf3 Nc6 3. Bb5 Bc5 4. O-O Nd4 5. Bc4 Nf6 6. Nxe5 O-O 7. c3 Ne6 8.
d4 Bd6 9. Nf3 Nxe4 10. Nbd2 Nf6 11. Qc2 c6 12. Ne4 Nxe4 13. Qxe4 Be7 14. d5 Nc5
15. Qe5 d6 16. Qg3 Ne4 17. Qf4 cxd5 18. Bxd5 Nf6 19. Bb3 Be6 20. Bc2 d5 21. Qh4
Ne4 22. Qh5 h6 23. Bxh6 gxh6 24. Qxh6 Bg5 25. Qh4 Bxh4 0-1

[Event "Tournoi Skype 024B"]
[Site "Skype"]
[Date "????.??.??"]
[Round "4.27"]
[White "De Coninck, Philippe"]
[Black "Homme, Jim"]
[Result "1-0"]
[WhiteElo "1475"]
[BlackElo "1184"]
[PlyCount "35"]

1. e4 e5 2. f4 Nc6 3. Nf3 Nf6 4. Nc3 Bc5 5. Bc4 d6 6. Ng5 d5 7. exd5 Nxd5 8.
Bxd5 Qxd5 9. Nxd5 O-O 10. Qh5 h6 11. Nf3 exf4 12. d3 Nb4 13. Kd1 Nc6 14. Bxf4
Bd6 15. Bxh6 gxh6 16. Qxh6 Be7 17. Re1 Bd6 18. Nf6# 1-0

[Event "Tournoi Skype 024B"]
[Site "Skype"]
[Date "????.??.??"]
[Round "4.28"]
[White "Borg, Anthony"]
[Black "Cengiz, Ali Ekber"]
[Result "1-0"]
[WhiteElo "1363"]
[BlackElo "1176"]
[PlyCount "71"]

1. e4 e5 2. Nf3 d6 3. Bc4 Be7 4. O-O h6 5. d4 Nd7 6. dxe5 dxe5 7. Nc3 c6 8. h3
Qc7 9. Nh4 Bxh4 10. Qh5 g6 11. Qxh4 Nf8 12. f4 Be6 13. Bxe6 Nxe6 14. f5 Rd8 15.
fxe6 f6 16. Qf2 b6 17. Ne2 Qe7 18. Be3 c5 19. Nc3 Qxe6 20. Nd5 Kf7 21. a4 g5
22. a5 h5 23. axb6 axb6 24. Ra6 Rb8 25. b4 h4 26. bxc5 g4 27. cxb6 gxh3 28. Bc5
hxg2 29. Ra7+ Ne7 30. Kxg2 Rbg8+ 31. Kh2 h3 32. Rxe7+ Qxe7 33. Bxe7 Rg2+ 34.
Qxg2 hxg2+ 35. Kxg2 Rg8+ 36. Kf2 1-0

[Event "Tournoi Skype 024B"]
[Site "Skype"]
[Date "????.??.??"]
[Round "4.29"]
[White "Torres, Vicky"]
[Black "Alverson, Ginny"]
[Result "1-0"]
[WhiteElo "1333"]
[BlackElo "1168"]
[PlyCount "73"]

1. d4 d5 2. Bf4 Nf6 3. e3 Nbd7 4. Na3 e6 5. Nb5 c6 6. Nc7+ Ke7 7. Nxa8 Qa5+ 8.
c3 Ne4 9. Ne2 Qa6 10. Nc7 Qb6 11. Qc2 Ndf6 12. Nxd5+ Nxd5 13. Qxe4 Nf6 14. Qe5
Nd7 15. Qd6+ Kd8 16. Qc7+ Qxc7 17. Bxc7+ Kxc7 18. O-O-O Nb6 19. Nf4 Bd6 20. Nh5
Nc4 21. Bxc4 b5 22. Bb3 Bf8 23. e4 g6 24. Nf6 Bg7 25. e5 Bxf6 26. exf6 Rd8 27.
Kc2 Kb8 28. a4 bxa4 29. Bxa4 Rd6 30. Ra1 Ba6 31. Bb3 Bb5 32. Ra3 Kb7 33. Rha1
a6 34. Kd2 Ka7 35. Ke3 Kb6 36. c4 Bxc4 37. Bxc4 1-0

[Event "Tournoi Skype 024B"]
[Site "Skype"]
[Date "????.??.??"]
[Round "4.30"]
[White "Yanez, Leticia Jorgelina"]
[Black "Porcabeuf, Jean-Marc"]
[Result "0-1"]
[WhiteElo "1293"]
[BlackElo "1098"]
[PlyCount "90"]

1. e4 e6 2. d4 d5 3. Bd3 c5 4. Nf3 Nd7 5. Bf4 Ne7 6. Nbd2 Ng6 7. c3 Be7 8. Bg3
O-O 9. O-O c4 10. Be2 f5 11. e5 f4 12. Bh4 Bxh4 13. Nxh4 Nxh4 14. Bg4 Nb6 15.
Nf3 Nxf3+ 16. Qxf3 Qg5 17. Rae1 Bd7 18. Re2 Nc8 19. h3 Ne7 20. b3 cxb3 21. axb3
Ng6 22. c4 Nh4 23. Qd3 Be8 24. f3 Kh8 25. cxd5 Bh5 26. Bxh5 Qxh5 27. d6 Nf5 28.
d5 Ng3 29. Rfe1 Nxe2+ 30. Rxe2 Rf5 31. dxe6 Rxe5 32. Rxe5 Qxe5 33. e7 h6 34.
Qg6 Kg8 35. h4 h5 36. d7 Qxe7 37. Qd3 Rd8 38. Qc4+ Kh8 39. Qxf4 Rxd7 40. g3 b5
41. Qb8+ Rd8 42. Qxb5 Qe3+ 43. Kg2 Rd2+ 44. Kh3 Qxf3 45. Qf1 Qxf1# 0-1

[Event "Tournoi Skype 024B"]
[Site "Skype"]
[Date "????.??.??"]
[Round "4.31"]
[White "Moumtaz, Abderrahim"]
[Black "Asterio Dos Santos, Douglas"]
[Result "0-1"]
[WhiteElo "1292"]
[BlackElo "1000"]
[PlyCount "46"]

1. d4 d5 2. c4 c6 3. Nc3 Nf6 4. Qc2 g6 5. Nf3 Bg7 6. Bf4 O-O 7. e3 Bf5 8. Bd3
Bxd3 9. Qxd3 Nbd7 10. O-O Re8 11. Rfe1 Rc8 12. Rac1 e6 13. b4 Nh5 14. Bg5 Bf6
15. Bxf6 Nhxf6 16. c5 e5 17. dxe5 Nxe5 18. Nxe5 Rxe5 19. e4 dxe4 20. Qxd8+ Rxd8
21. Rc2 Rd3 22. Re3 Nd5 23. Nxd5 Rd1+ 0-1

[Event "Tournoi Skype 024B"]
[Site "Skype"]
[Date "????.??.??"]
[Round "4.32"]
[White "Hargez, Dany"]
[Black "Conde, Carmen"]
[Result "1-0"]
[WhiteElo "1277"]
[BlackElo "1000"]
[PlyCount "39"]

1. e4 e5 2. Nf3 d6 3. d4 Nc6 4. Bb5 Bd7 5. Bxc6 Bxc6 6. d5 Bb5 7. Nc3 Ba6 8. b4
b5 9. O-O g6 10. Bg5 f6 11. Be3 Bg7 12. Nh4 Ne7 13. f4 f5 14. exf5 gxf5 15.
Qh5+ Ng6 16. Nxf5 Qf6 17. Ng3 O-O 18. Nce4 Qf7 19. Ng5 Qxd5 20. Qxh7# 1-0

[Event "Tournoi Skype 024B"]
[Site "Skype"]
[Date "????.??.??"]
[Round "4.33"]
[White "Codina, Teresa"]
[Black "Le Bouill, Pierre"]
[Result "1-0"]
[WhiteElo "1159"]
[BlackElo "1265"]
[PlyCount "43"]

1. e4 e5 2. Nf3 Nc6 3. Bb5 Nge7 4. Nc3 a6 5. Ba4 b5 6. Bb3 Ng6 7. O-O Be7 8. a3
O-O 9. d3 h6 10. Nd5 Bb7 11. c4 Nd4 12. Nxe7+ Qxe7 13. Nxd4 exd4 14. Re1 d6 15.
Bd2 Ne5 16. Bc2 bxc4 17. dxc4 Nxc4 18. Bb4 a5 19. Qxd4 Ne5 20. Bc3 Rfd8 21.
Rad1 Nc6 22. Qxg7# 1-0

[Event "Tournoi Skype 024B"]
[Site "Skype"]
[Date "????.??.??"]
[Round "4.34"]
[White "Singh, Gatak"]
[Black "Maccaferri, Massimo"]
[Result "0-1"]
[WhiteElo "1079"]
[BlackElo "1248"]
[PlyCount "28"]

1. e4 e5 2. Nf3 Nc6 3. Bc4 Nd4 4. Nxd4 exd4 5. Qf3 Qf6 6. O-O d6 7. Re1 Bd7 8.
Qd3 O-O-O 9. Qa3 a6 10. Bd5 c6 11. Bc4 d5 12. exd5 Bxa3 13. bxa3 d3 14. cxd3
Qxa1 0-1

[Event "Tournoi Skype 024B"]
[Site "Skype"]
[Date "????.??.??"]
[Round "4.35"]
[White "Canova, Felix"]
[Black "Douichi, Mohammed"]
[Result "0-1"]
[WhiteElo "1000"]
[BlackElo "1243"]
[PlyCount "44"]

1. e4 e5 2. Nf3 Nc6 3. Nc3 Nf6 4. Nd5 Nxe4 5. Bb5 Bc5 6. d3 Nxf2 7. O-O Nxd1+
8. d4 exd4 9. Rf2 Nxf2 10. Kf1 Ne4 11. Bg5 Nxg5 12. Be2 O-O 13. Bd3 d6 14. a4
Be6 15. Nf4 Nxf3 16. gxf3 Qf6 17. Nh5 Qxf3+ 18. Kg1 Qxh5 19. Rf1 Qg5+ 20. Kh1
Bd5+ 21. Be4 Bxe4+ 22. Rf3 Bxf3# 0-1